| 000 | 00628nam a22002177a 4500 | ||
|---|---|---|---|
| 003 | BD-ChCU | ||
| 005 | 20260429102430.0 | ||
| 008 | 260429b nj||||| |||| 00| 0 eng d | ||
| 020 | _a9781118343289 | ||
| 040 | _cBD-ChCU | ||
| 082 |
_223 _a621.3678 L739r |
||
| 100 |
_aLillesand, Thomas M. _922061 |
||
| 245 |
_aRemote sensing and image interpretation / _cThomas M Lillesand. |
||
| 250 | _a7ed. | ||
| 260 |
_aNew Jersy : _bJohn Wiley, _c2015 |
||
| 300 | _a720 P. : | ||
| 504 | _aIncludes. | ||
| 650 | 0 |
_aOptical engineering ; Remote sensing. _922063 |
|
| 700 |
_aKiefer, Ralph W. _eJt. Author _922064 |
||
| 942 |
_2ddc _cBK _n0 |
||
| 999 |
_c112509 _d112509 |
||